| 000 | 01161nam0a22003011 4500 | ||
|---|---|---|---|
| 001 | RU\NLR\INFOCOMM17\ROSSICA\1000306993 | ||
| 005 | 20250613193431.0 | ||
| 035 | _a(NLR Aleph) 009972316 | ||
| 090 |
_a9653373 _c9653373 |
||
| 100 | _a20030923d1918 |||y0rusy50 ca | ||
| 101 | 0 | _afre | |
| 102 | _aRU | ||
| 105 | _ay ||||000ay | ||
| 200 | 1 |
_aPseudoscorpions nouveaux _fRedikorzev, V., le Dr. |
|
| 210 |
_aПетербургъ _d1918 |
||
| 215 | _d8° | ||
| 300 | _aAvec 10 figures | ||
| 300 | _aОттискъ изъ Ежегодника Зоологическаго Музея Россiйскоiй Академи Наукъ, томъ XXII, 1917 | ||
| 488 | 0 |
_12001#$aЕжегодник Зоологического Музея Россiйскоiй Академи Наукъ$vтомъ XXII, 1917 _tЕжегодник Зоологического Музея Россiйскоiй Академи Наукъ |
|
| 700 | 1 |
_9z01790 _aRedikorcev _bV. _4070 |
|
| 790 | 1 |
_9z01700 _aRedikorzev _bV. _4070 |
|
| 801 | 1 |
_aRU _bInfoComm _c20030923 |
|
| 801 | 0 |
_aRU _bNLR _gPSBO |
|
| 852 |
_aNLR _j30.4.9.124 |
||
| 942 | _cBOOK | ||
| 980 | _aNB | ||
| 980 | _aRossica | ||